000 nam a22 a 4500
999 _c480990
_d480990
003 BLK
005 20221121120352.0
008 221121b bu |||||r|||| 00| | bu d
040 _aBLK
041 _aBUL
_cBUL
080 _aКолониално управление. Вътрешна политика в колониите. Вж и 308;914/919
_b325.4
_x(673)
_z325.4(673)
100 _91299
_aНето, Агустиньо
_eпърви автор
139 _aНето, Агустиньо
245 _aДа изградим свободна, независима и социалистическа Ангола
_bСб. речи, статии и интервюта
_cАгостино Нето ; Прев. от португ. Татяна Липова, Ани Друмева
260 _9211414
_aСофия
_bПартиздат
_c1978
300 _a368 с.
_b1 портр.
_c21 см
380 _a3
490 _9205821
_aПолитически дейци на нашето време
500 _a1 310 тир.
650 0 _9325384
_aРеволюционни, национални и народоосвободителни движения - Африка
651 7 _9178533
_aАнгола
700 _91116
_aЛипова, Татяна Атанасова
_eпрев. от португ.
700 _91116
_aДрумева, Ани Константинова
_eпрев. от португ.
852 _aЦб 95517
_bЦб
856 _i0.00
_ldisable
942 _cKNG
_n0
_s1
944 _aCR
_c2022-11-21
_kВЙ